5HLuxD.jpg

KING HENRY VIII SENIOR AND PRIMARY SCHOOL LIBRARY OPAC

Big Yang and Little Yin / (Record no. 1628)

000 -LEADER
fixed length control field 01383cam a2200325 i 4500
001 - CONTROL NUMBER
control field (Sirsi) a960231
003 - CONTROL NUMBER IDENTIFIER
control field OSt
005 - DATE AND TIME OF LATEST TRANSACTION
control field 20230116114017.0
008 - FIXED-LENGTH DATA ELEMENTS--GENERAL INFORMATION
fixed length control field 160504s2016 enka c 000 f eng d
020 ## - INTERNATIONAL STANDARD BOOK NUMBER
International Standard Book Number 9781910925072
Qualifying information (hardcover) :
040 ## - CATALOGING SOURCE
Original cataloging agency JIU
Language of cataloging eng
Transcribing agency JIU
Modifying agency KNJ
-- OCLCO
-- FOLLT
-- YDXCP
-- BTCTA
-- BDX
-- TME
-- OCLCQ
-- QBX
-- OCLCO
-- OCLCF
-- OCLCO
-- TAE
-- KH8
Description conventions rda
042 ## - AUTHENTICATION CODE
Authentication code nbic
082 0# - DEWEY DECIMAL CLASSIFICATION NUMBER
Classification number 823.914 MCA
100 1# - MAIN ENTRY--PERSONAL NAME
Personal name McAllister, Angela,
Relator term author.
245 10 - TITLE STATEMENT
Title Big Yang and Little Yin /
Statement of responsibility, etc. written by Angela McAllister ; illustrated by Eleanor Taylor.
260 ## - PUBLICATION, DISTRIBUTION, ETC.
Date of publication, distribution, etc. 2016.
264 #1 - PRODUCTION, PUBLICATION, DISTRIBUTION, MANUFACTURE, AND COPYRIGHT NOTICE
Place of production, publication, distribution, manufacture London :
Name of producer, publisher, distributor, manufacturer Hutton Grove,
Date of production, publication, distribution, manufacture, or copyright notice 2016.
300 ## - PHYSICAL DESCRIPTION
Extent 24 pages :
Other physical details color illustrations ;
Dimensions 27 cm.
336 ## - CONTENT TYPE
Content type term text
Content type code txt
Source rdacontent.
336 ## - CONTENT TYPE
Content type term still image
Content type code sti
Source rdacontent.
337 ## - MEDIA TYPE
Media type term unmediated
Media type code n
Source rdamedia.
338 ## - CARRIER TYPE
Carrier type term volume
Carrier type code nc
Source rdacarrier.
520 ## - SUMMARY, ETC.
Summary, etc. Big Yang and Little Yin are playing explorers. So Little Yin puts her blankie in her wagon, and they leave. But when Big Yang gets stuck in a tree, Little Yin must help him escape, and the adventure doesn't seem quite so fun anymore. This is a beautiful tale about friendship and bravery.
521 1# - TARGET AUDIENCE NOTE
Target audience note Ages 8-12.
650 #0 - SUBJECT ADDED ENTRY--TOPICAL TERM
Topical term or geographic name entry element Explorers
Form subdivision Juvenile fiction.
650 #0 - SUBJECT ADDED ENTRY--TOPICAL TERM
Topical term or geographic name entry element Friendship
Form subdivision Juvenile fiction.
650 #0 - SUBJECT ADDED ENTRY--TOPICAL TERM
Topical term or geographic name entry element Courage
Form subdivision Juvenile fiction.
700 1# - ADDED ENTRY--PERSONAL NAME
Personal name Taylor, Eleanor,
Dates associated with a name 1969-
Relator term illustrator.
942 ## - ADDED ENTRY ELEMENTS (KOHA)
Source of classification or shelving scheme
Koha item type Books - Non Ficton
Holdings
Withdrawn status Lost status Source of classification or shelving scheme Damaged status Not for loan Collection code Permanent Location Current Location Shelving location Date acquired Total Checkouts Full call number Barcode Date last seen Date last checked out Price effective from Koha item type
          Non-Fiction KH8 Primary School Library KH8 Primary School Library Non Fiction 2023-01-16 15 823.914 MCA KHPL000003387 2025-12-05 2025-09-23 2023-01-16 Books - Non Ficton

Powered By KH8 IT Dept